000 00537 a2200181 4500
999 _c4532
_d4532
010 _aENG-86388
020 _a8190363492
_c495.00
035 _aEN-69921
037 _bDBAD / PUB
082 1 4 _a270
100 _aSchimmel, Annemarie
245 1 _aMystical dimensions of Islam /
_cby Annemarie Schimmel
260 _aNew Delhi
_bYoda Press
_c1975
270 _aG-93, Connaught Circus
_bNew Delhi
_cNew Delhi
_e110 001
300 _axxv, 512p.
_c23cm (pbk)
500 _aIncludes index
942 _adpl
_cEN
_2ddc
_h270
_mSCH